000 00668nam a2200205Ii 4500
003 JO-AjNU
008 230605s9999||||xx |||||||||||||| ||und||
017 _a2005/2/313
040 _aJO-AjNU
_bara
_erda
_cJO-AjNU
041 _aara
050 1 4 _aPJ7561.A2898 2005
100 3 _aأبو لبن، زياد,
_eauthor
_949502
245 0 0 _aرؤى نقدية في الشعر
264 3 1 _aعمان:المؤلف،2005
300 _a284ص
336 _atext
_btxt
_2rdacontent
337 _aunmediated
_bn
_2rdamedia
338 _avolume
_bnc
_2rdacarrier
650 4 _aالشعر العربي-القرن العشرون-تاريخ ونقد-العصر الحديث
_949503
999 _aA21746
_c25314
_d25314